2002/03 and 1994/95 household budget survey. (Record no. 19118)

000 -LEADER
fixed length control field 00705cam a2200205 a 4500
040 ## - CATALOGING SOURCE
Transcribing agency ZCU
082 00 - DEWEY DECIMAL CLASSIFICATION NUMBER
Classification number 339 MIN 2006 C161 Or.
245 00 - TITLE STATEMENT
Title 2002/03 and 1994/95 household budget survey.
246 14 - VARYING FORM OF TITLE
Title proper/short title Kingdom of Lesotho 2002/03 and 1994/95 household budget survey
246 17 - VARYING FORM OF TITLE
Title proper/short title 2002/03 household budget survey report, Lesotho
246 30 - VARYING FORM OF TITLE
Title proper/short title Household budget survey
260 ## - PUBLICATION, DISTRIBUTION, ETC. (IMPRINT)
Place of publication Maseru, Lesotho :
Name of publisher Ministry of Finance and Development Planning, Bureau of Statistics,
Year of publication [2006]-
300 ## - PHYSICAL DESCRIPTION
Number of Pages v. <1> :
Other physical details col. ill. ;
Dimensions 30 cm.
500 ## - GENERAL NOTE
General note "November 2006"--Vol. 1.
650 #0 - SUBJECT ADDED ENTRY--TOPICAL TERM
Topical Term Cost and standard of living
650 #0 - SUBJECT ADDED ENTRY--TOPICAL TERM
Topical Term Household surveys
650 #0 - SUBJECT ADDED ENTRY--TOPICAL TERM
Topical Term Income
710 1# - ADDED ENTRY--CORPORATE NAME
Corporate name or jurisdiction name as entry element Lesotho.
942 ## - ADDED ENTRY ELEMENTS (KOHA)
Koha item type ADB
952 ## - LOCATION AND ITEM INFORMATION (KOHA)
Withdrawn status [LOCAL, KOHA] 0
Holdings
Source of acquisition Permanent Location Date acquired Koha item type Lost status Shelving location Current Location Full call number
A39064Library Block C2020-03-13សៀវភៅភាសាអង់គ្លេស C161Library Block C339 MIN 2006 C161 Or.
មជ្ឈមណ្ឌលឯការនៃសាកលវិទ្យាល័យភូមិន្ទកសិកម្មចំការដូង

Powered by Koha